000 00339nam a22001457a 4500
020 _qPB.
040 _cFIZZA ISHAQ
082 _a690.837
_bKVI
100 _aDAUM, KVIN.
_988861
245 _aBUILDING YOUR OWN HOME FOR DUMMIES /
_cKVIN DAUM.
250 _a1st ED.
260 _bDUMMIES,
_c2005.
300 _a364 P. ;
942 _2ddc
_cBK
999 _c587806
_d587806